000 00647nmm a2200193Ia 4500
008 251105s9999||||xx |||||||||||||||||und||
020 _a9788433963727
041 _aspa
100 _aGalmarini Rodríguez, Marco Aurelio
245 0 _aCómo sentimos :
_b Sobre lo que la neurociencia puede y no puede decirnos acerca de nuestras emociones
264 _a[Madrid, España] :
_bEditorial Anagrama,
_c2014
300 _a408 páginas
490 _aArgumentos
650 _aPsychology
700 _aGalmarini Rodríguez, Marco Aurelio
700 1 _a Frazzetto, Giovanni
856 _uhttps://public.digitaliapublishing.com/a/32279
942 _cCF
999 _c65827
_d65827